000 01523nam a2200337 a 4500
001 ebr10511279
003 CaPaEBR
006 m u
007 cr cn|||||||||
008 940503s1994 ne a sb 001 0 eng d
010 _z 94020171
020 _z9027218935 (alk. paper)
020 _z9789027218933
020 _z9789027276681 (e-book)
040 _aCaPaEBR
_cCaPaEBR
035 _a(OCoLC)769189622
050 1 4 _aRC425
_b.R36 1994eb
082 0 4 _a616.85/52/009
_220
245 0 0 _aReader in the history of aphasia
_h[electronic resource] :
_bfrom (Franz) Gall to (Norman) Geschwind /
_cedited by Paul Eling.
260 _aAmsterdam ;
_aPhiladelphia :
_bJ. Benjamins Pub. Co.,
_cc1994.
300 _axvi, 392 p. :
_bill.
490 1 _aAmsterdam studies in the theory and history of linguistic science. Series II, Classics in psycholinguistics,
_x0165-716X ;
_vv. 4
504 _aIncludes bibliographical references and index.
533 _aElectronic reproduction.
_bPalo Alto, Calif. :
_cebrary,
_d2013.
_nAvailable via World Wide Web.
_nAccess may be limited to ebrary affiliated libraries.
650 0 _aAphasia
_xHistory
_vSources.
655 7 _aElectronic books.
_2local
700 1 _aEling, Paul.
710 2 _aebrary, Inc.
830 0 _aAmsterdam studies in the theory and history of linguistic science.
_nSeries II,
_pClassics in psycholinguistics ;
_vv. 4.
856 4 0 _uhttp://site.ebrary.com/lib/rucke/Doc?id=10511279
_zAn electronic book accessible through the World Wide Web; click to view
999 _c120394
_d120394